| 000 | 00583nam a2200229Ia 4500 | ||
|---|---|---|---|
| 003 | 0100 | ||
| 008 | 130303s9999 xx 000 0 und d | ||
| 020 | _a395176859 | ||
| 040 | _cARRUPELIB | ||
| 050 | _aQ175.5.S351974 | ||
| 100 | _aTruitt, Willis H | ||
| 245 | _aScience, technology and freedom | ||
| 260 | _aBoston | ||
| 260 | _bHoughton Mifflin | ||
| 260 | _C1974 | ||
| 300 | _axii | ||
| 300 | _b 272 p. ill. 24 cm. | ||
| 650 | _bPhilosophy - ancient, history | ||
| 650 | _cAristotle | ||
| 700 | _aEdited by Willis H. Truitt and T. W. Graham Solomoms | ||
| 942 | 0 | 0 | _01 |
| 999 |
_c13991 _d13991 |
||